Instructional Course Lectures / (Record no. 212)
[ view plain ]
| 000 -LEADER | |
|---|---|
| fixed length control field | 01011cam a22002535a 4500 |
| 001 - CONTROL NUMBER | |
| control field | 17658694 |
| 003 - CONTROL NUMBER IDENTIFIER | |
| control field | OSt |
| 005 - DATE AND TIME OF LATEST TRANSACTION | |
| control field | 20200312095450.0 |
| 008 - FIXED-LENGTH DATA ELEMENTS--GENERAL INFORMATION | |
| fixed length control field | 130314m2011 ilua b 001 0 eng d |
| 040 ## - CATALOGING SOURCE | |
| Original cataloging agency | KABLIB |
| Language of cataloging | eng |
| Transcribing agency | KABLIB |
| Modifying agency | KABLIB |
| 082 00 - DEWEY DECIMAL CLASSIFICATION NUMBER | |
| Classification number | 617.1027 |
| Edition number | 23 |
| Item number | INS |
| 245 00 - TITLE STATEMENT | |
| Title | Instructional Course Lectures / |
| Statement of responsibility, etc. | edited by Franklin H. Sim. |
| 260 ## - PUBLICATION, DISTRIBUTION, ETC. | |
| Place of publication, distribution, etc. | Rosemont, IL : |
| Name of publisher, distributor, etc. | American Academy Of Orthopaedic Surgeons, |
| Date of publication, distribution, etc. | c2001. |
| 300 ## - PHYSICAL DESCRIPTION | |
| Extent | xix, 644 p. : |
| Other physical details | ill. ; |
| Dimensions | 29 cm. |
| 500 ## - GENERAL NOTE | |
| General note | Includes index (p. 577-645). |
| 504 ## - BIBLIOGRAPHY, ETC. NOTE | |
| Bibliography, etc. note | Includes bibliographical references (p. 575). |
| 520 ## - SUMMARY, ETC. | |
| Summary, etc. | "Current surgical approaches and up-to-date expertise on the important and developing topics facing the practice of orthopaedic sports medicine today." -- |
| Assigning source | AAOS web site. |
| 650 #0 - SUBJECT ADDED ENTRY--TOPICAL TERM | |
| Topical term or geographic name entry element | Sports medicine. |
| 9 (RLIN) | 833 |
| 650 #0 - SUBJECT ADDED ENTRY--TOPICAL TERM | |
| Topical term or geographic name entry element | Orthopedics. |
| 9 (RLIN) | 834 |
| 650 #7 - SUBJECT ADDED ENTRY--TOPICAL TERM | |
| Topical term or geographic name entry element | Orthopedics. |
| Source of heading or term | fast |
| Authority record control number or standard number | (OCoLC)fst01048565 |
| 9 (RLIN) | 834 |
| 650 #7 - SUBJECT ADDED ENTRY--TOPICAL TERM | |
| Topical term or geographic name entry element | Sports medicine. |
| Source of heading or term | fast |
| Authority record control number or standard number | (OCoLC)fst01130709 |
| 9 (RLIN) | 833 |
| 700 1# - ADDED ENTRY--PERSONAL NAME | |
| Personal name | Ahmad, Christopher S. |
| 9 (RLIN) | 835 |
| 942 ## - ADDED ENTRY ELEMENTS (KOHA) | |
| Source of classification or shelving scheme | Dewey Decimal Classification |
| Koha item type | Book |
No items available.